|
|
|
|
| LEADER |
00669nab a2200181 i 4500 |
| 001 |
tisza15017 |
| 005 |
20200330153855.0 |
| 008 |
170118s1992 hu o 0|| hun d |
| 022 |
|
|
|a 0133-1167
|
| 040 |
|
|
|a SZTE Tiszatáj Archívum
|b hun
|
| 041 |
|
|
|a hun
|
| 100 |
1 |
|
|a Dobossy László
|
| 245 |
1 |
2 |
|a A magyar—szlovák kölcsönösségről
|h [elektronikus dokumentum] /
|c Dobossy László
|
| 260 |
|
|
|c 1992
|
| 300 |
|
|
|a 79-87
|
| 490 |
0 |
|
|a Tiszatáj
|v 46 No. 6
|
| 695 |
|
|
|a Nemzetiségi kérdés - magyar - Szlovákia, Nemzeti tudat, magyar, Kapcsolatok magyar-szlovák - 1992.
|
| 856 |
4 |
0 |
|u http://tiszataj.bibl.u-szeged.hu/15017/1/tiszataj_1992_006_079-087.pdf
|z Dokumentum-elérés
|